[Event "AUTO-ADV-4919"]
[Site "http://www.queenalice.com/game.php?id=1869327"]
[Date "2026.2.15"]
[Round "1"]
[White "Shizumaru_Hisame"]
[Black "Capixabba789"]
[Result "1-0"]
[WhiteElo "1909"]
[BlackElo "1825"]

1. d4 d5 2. Bd2 Nf6 3. Bb4 c6 4. Qd2 a5 5. Ba3 Bd7 6. Nf3 Na6 7. e3 g6 8. Bd3
Bg7 9. Ng5 O-O 10. Qe2 Nb4 11. f3 Nxd3+ 12. Qxd3 b5 13. Bc5 Bf5 14. e4 dxe4 15.
fxe4 Bc8 16. Nd2 Ba6 17. O-O-O b4 18. Qb3 h6 19. Ngf3 a4 20. Qxb4 Re8 21. Rdg1
Bb5 22. g4 e6 23. g5 Nh5 24. gxh6 Bxh6 25. Kb1 Nf4 26. Ne5 Nh3 27. Rg2 Nf4 28.
Rf2 Qh4 29. d5 exd5 30. Ndf3 Qh5 31. exd5 Rxe5 32. Nxe5 Qxe5 33. dxc6 Bxc6 34.
Re1 Qb8 35. Qxb8+ Rxb8 36. Bd6 Re8 37. Rxe8+ Bxe8 38. Bxf4 Bxf4 39. Rxf4 f5 40.
h4 Kg7 41. c4 Bc6 42. Kc2 Kh6 43. b4 Kh5 44. Kd3 g5 45. hxg5 Kxg5 46. Ke3 Be4
47. Rxe4 fxe4 48. Kxe4 1-0

[Event "AUTO-ADV-4919"]
[Site "http://www.queenalice.com/game.php?id=1869337"]
[Date "2026.2.15"]
[Round "1"]
[White "Shizumaru_Hisame"]
[Black "pomar"]
[Result "1-0"]
[WhiteElo "1892"]
[BlackElo "1944"]

1. d4 e6 2. e4 d5 3. exd5 exd5 4. Bd2 Nc6 5. Bc3 Nf6 6. Qe2+ Qe7 7. Nd2 Bf5 8.
O-O-O Ne4 9. Nxe4 Bxe4 10. Re1 O-O-O 11. Qg4+ Kb8 12. f3 Bxf3 13. Nxf3 Qf6 14.
g3 Bb4 15. Bxb4 Nxb4 16. Kb1 Rhe8 17. Ne5 Qf2 18. Re2 Qf6 19. Nd7+ Rxd7 20. Qxd7
Rd8 21. Qg4 g6 22. Re5 Qf2 23. Bd3 Qd2 24. Re2 Qh6 25. Rhe1 Qf8 26. Bb5 c6 27.
Ba4 f5 28. Qf4+ Kc8 29. Re7 Na6 30. Rxh7 Rd7 31. Rh6 Re7 32. Rxe7 Qxe7 33. a3
Qg7 34. g4 Qf7 35. c3 Nc7 36. gxf5 gxf5 37. Rh3 Ne6 38. Qf1 Ng5 39. Re3 f4 40.
Re2 Ne4 41. Qh3+ Kc7 42. Re1 f3 43. Ka1 f2 44. Rf1 Kb6 45. Qe3 Qf6 46. Bc2 Qh4
47. Bxe4 dxe4 48. Rxf2 Qg4 49. h3 Qd1+ 50. Ka2 a5 51. Qxe4 a4 52. Qb1 Qb3+ 53.
Ka1 Qe6 54. h4 Qg4 55. Rh2 Qg3 56. Qh1 Qg6 57. h5 Qh6 58. Rg2 Ka7 59. Rg6 Qh7
60. Re6 Qf7 61. Re5 Ka6 62. h6 Qh7 63. Rg5 b5 64. Rg7 Qh8 65. Qxc6+ Ka5 66. Ra7#
1-0

[Event "AUTO-ADV-4924"]
[Site "http://www.queenalice.com/game.php?id=1870453"]
[Date "2026.3.13"]
[Round "1"]
[White "dosoldini"]
[Black "Shizumaru_Hisame"]
[Result "0-1"]
[WhiteElo "1604"]
[BlackElo "1938"]

1. e4 d5 2. e5 d4 3. d3 Nc6 4. Nf3 Bf5 5. Bd2 Qd7 6. h3 O-O-O 7. c3 dxc3 8. Bxc3
Bxd3 9. Bxd3 Qxd3 10. Qxd3 Rxd3 11. Nfd2 f6 12. O-O Nxe5 13. f4 Nc6 14. Nb3 Rd8
15. N1d2 e5 16. Ne4 g6 17. Nbc5 Rd5 18. b4 Bg7 19. b5 Nd8 20. a4 b6 21. Nb3 Kb7
22. Bb4 Ne6 23. Nc3 Rd8 24. a5 Nxf4 25. a6+ Kc8 26. h4 Rd7 27. Ne4 Nh6 28. Ng3
Rd3 29. Rf3 Rxf3 0-1